000 00650nam a2200205Ii 4500
003 JO-AjNU
008 230605s9999||||xx |||||||||||||| ||und||
017 _a2004/8/2099
040 _aJO-AjNU
_bara
_erda
_cJO-AjNU
041 _aara
050 1 4 _aPJ7850 2004
100 3 _aتأليف الدبك،سمير محمود,
_eauthor
_920396
245 0 0 _aجدار الوهم: قصص قصيرة
264 3 1 _aعمان:المؤلف،2004
300 _a72ص
336 _atext
_btxt
_2rdacontent
337 _aunmediated
_bn
_2rdamedia
338 _avolume
_bnc
_2rdacarrier
650 4 _aالأدب العربي - قصص - القصة القصيرة
_920397
999 _aA6906
_c10474
_d10474